| 000 | 00577nam a22001937a 4500 | ||
|---|---|---|---|
| 003 | CEME | ||
| 005 | 20210628210018.0 | ||
| 008 | 210201b xxu||||| |||| 00| 0 eng d | ||
| 020 | _a0-471-43308-X | ||
| 040 | _c. | ||
| 082 | _a621.38324 MON | ||
| 100 |
_aMontrose, Mark I _977823 |
||
| 245 | _aTesting for emc compliance,approaches and techniques | ||
| 260 |
_aNEW YORK _bJOHN WILEY _c2004 |
||
| 300 | _aXVIII,459P | ||
| 650 |
_aELECTROMAGNETIC COMPATIBILITY, ELECTROMAGNETIC INTERFERENCE.EMC COMPLIANCE _977824 |
||
| 700 |
_aNAKAUCHI, EDWARD M _977825 |
||
| 942 |
_cBK _2ddc |
||
| 999 |
_c583033 _d583033 |
||